Teorías de la democracia (Record no. 35328)
[ view plain ]
| 000 -CABECERA | |
|---|---|
| campo de control de longitud fija | 00983nam a22003497a 4500 |
| 003 - IDENTIFICADOR DEL NÚMERO DE CONTROL | |
| campo de control | OSt |
| 005 - FECHA Y HORA DE LA ÚLTIMA TRANSACCIÓN | |
| campo de control | 20220601160820.0 |
| 008 - DATOS DE LONGITUD FIJA--INFORMACIÓN GENERAL | |
| campo de control de longitud fija | 220601b ||||| |||| 00| 0 spa d |
| 020 ## - ISBN | |
| Número Internacional Estándar del Libro | 84-7658-072-X |
| 040 ## - FUENTE DE LA CATALOGACIÓN | |
| Centro/agencia transcriptor | Biblioteca Ernesto Sábato |
| 092 ## - SIGNATURA TOPOGRÁFICA | |
| Número de clasificación | 321.8 |
| Libristica | G643 |
| Sector | JLS |
| 100 ## - Autor Personal | |
| Nombre de persona | González García, José M. |
| 245 ## - MENCIÓN DE TÍTULO | |
| Título | Teorías de la democracia |
| 250 ## - MENCIÓN DE EDICIÓN | |
| Mención de edición | 1a. ed. |
| Resto de la mención de edición | 1a. reimp. |
| 260 ## - PUBLICACIÓN, DISTRIBUCIÓN, ETC. (PIE DE IMPRENTA) | |
| Lugar de publicación, distribución, etc. | Barcelona |
| Nombre del editor, distribuidor, etc. | Anthropos. Universidad autónoma Metropolitana |
| Fecha de publicación, distribución, etc. | 1992 |
| 300 ## - DESCRIPCIÓN FÍSICA | |
| Paginas | 360 p. |
| 440 ## - MENCIÓN DE SERIE/PUNTO DE ACCESO ADICIONAL--TÍTULO | |
| Título | Filosofía política |
| Número de parte o sección de la obra | ; 33 |
| 650 ## - Descriptores Tematicos | |
| Término de materia o nombre geográfico como elemento inicial | DEMOCRACIA-TEORIAS |
| 650 ## - Descriptores Tematicos | |
| Término de materia o nombre geográfico como elemento inicial | JLS/ |
| 700 ## - Coautores y traductores | |
| Nombre de persona | Quesada Castro, Fernando |
| 700 ## - Coautores y traductores | |
| Nombre de persona | Anderson, P. |
| 700 ## - Coautores y traductores | |
| Nombre de persona | Colom González, F. |
| 700 ## - Coautores y traductores | |
| Nombre de persona | Estévez Araujo, J.A. |
| 700 ## - Coautores y traductores | |
| Nombre de persona | Gómez Orfanel, G. |
| 700 ## - Coautores y traductores | |
| Nombre de persona | González García, J.M. |
| 700 ## - Coautores y traductores | |
| Nombre de persona | Maestre, A. |
| 700 ## - Coautores y traductores | |
| Nombre de persona | Mardones, J. M. |
| 700 ## - Coautores y traductores | |
| Nombre de persona | Mas Torres, S. |
| 700 ## - Coautores y traductores | |
| Nombre de persona | Muguerza, J. |
| 700 ## - Coautores y traductores | |
| Nombre de persona | Quesada Castro, F. |
| 942 ## - ELEMENTOS DE PUNTO DE ACCESO ADICIONAL (KOHA) | |
| Fuente del sistema de clasificación o colocación | Dewey Decimal Classification |
| Tipo de ítem Koha | JLS |
| Estado de retiro | Estado de pérdida | Fuente del sistema de clasificación o colocación | Estado dañado | No para préstamo | Localización permanente | Ubicación/localización actual | Fecha de adquisición | Número de inventario | Total de préstamos | Signatura topográfica completa | Código de barras | Fecha visto por última vez | Precio válido a partir de | Tipo de ítem Koha |
|---|---|---|---|---|---|---|---|---|---|---|---|---|---|---|
| Dewey Decimal Classification | Biblioteca Ernesto Sabato - FADECS - UNCOMA | Biblioteca Ernesto Sabato - FADECS - UNCOMA | 01/06/2022 | 25867 | 321.8 G643 | 25867 | 01/06/2022 | 01/06/2022 | JLS |